000
00301 a2200121 4500
000
nam a22 7a 4500
005
20260302122654.0
020
_a
9788198236821
100
_a
Subhash Kak
_9
1123473
245
_a
The Saka Language and Sanskrit
260
_b
Aditya Prakashan
_c
2023
942
_c
TEXL
999
_c
1688379
_d
1688379